000 nam a22 7a 4500
999 _c7800
_d7800
008 171013b xxu||||| |||| 00| 0 eng d
100 _aSharma.R.D.
_94277
245 _aMathematics-XII
260 _aNew Delhi